Responses for show #1260 - Friday, February 9, 1990

1990 Teen Tournament quarterfinal game 5.

Contestants

[<< previous game]

Avi Stadler, a senior from Atlanta, Georgia

Richard Morris, a senior from Auburn, Alabama

Sharon Kristal, a senior from Rockville, Maryland

[next game >>]

Jeopardy! Round responses

NEWS OF THE '80S
DISNEY
HOLIDAYS & OBSERVANCES
MYTHOLOGICAL WOMEN
POTPOURRI
THE BILL OF RIGHTS
    $100 2
Solidarity

Sharon
    $100 27
Mermaid

Avi
    $100 28
Thanksgiving

Avi
    $100 7
The Future

Sharon
    $100 29
Period

Sharon
    $100 30
Soldier

Avi
    $200 17
(A: What is Florida?)
(S: What is Texas?)

California

SharonRichardAvi
    $200 23
Lady ("Lady And The Tramp")

Sharon
    $200 22
Valentine's Day

Sharon
    $200 14
Medusa

Avi
    $200 10
Eight, Nine & Seven

Avi
    $200 25
Religion

Richard
    $300 11
Manuel Noriega (Panama)

Richard
    $1,000 24
(Sharon: What is Parent Trap 3?)
(Alex: You gave us more information than we anticipated. You've got the lead!)

Parent Trap (Joy, Leanna & Monica Creel)

Sharon
    $300 8
Easter

Richard
    $300 15
Apples

Richard
    $300 4
Physics

Richard
    $300 26
Trial

Sharon
    $400 6
Cambodia

Avi
    $400 13
Crow

Sharon
    $400 21
Yom Kippur

Avi
    $400 9
Lion

Sharon
    $400 19
Janet Evans

Avi
    $400 3
Jeopardy

Sharon
    $500 5
Oliver North

Richard
    $500 1
Scrooge McDuck

Richard
    $500 20
Columbus Day

Avi
    $500 12
Isis

Sharon
    $500 18
Jane Addams

Richard
    $500 16
James Madison

Avi

Scores at the first commercial break (after clue 15):

Sharon Richard Avi
$1,900 $2,200 $800

Scores at the end of the Jeopardy! Round:

Sharon Richard Avi
$3,500 $3,100 $2,700

Double Jeopardy! Round responses

WORLD HISTORY
CLICHES
ZOOLOGY
NOVELS
THE SOUTH
ALEXANDER GRAHAM BELL
    $200 27
(Avi: Who is Engel?)
[Originally accepted as correct; reversed before Final Jeopardy! after the tape was reviewed]

Friedrich Engels

Avi
Triple Stumper
    $200 24
(R: What is the hole?)
(Alex: No - had to be more specific on that one)

The Grave

Richard
Triple Stumper
    $200 30
Fly

Avi
    $200 1
"A Tale of Two Cities"

Sharon
    $200 29
Pies

Avi
    $200 25
(A beam of) Light

Richard
    $400 12
Benito Mussolini

Sharon
    $400 11
Hog

Sharon
    $400 19
Octopus

Sharon
    $400 9
A Bell

Richard
    $400 20
The French Quarter

Avi
    $400 4
Watson

Richard
    $600 3
Hernando Cortez

Sharon
    $600 26
Cooked It

Sharon
    $600 23
Lizard

Sharon
    $600 8
"1984"

Avi
    $600 13
North Carolina (near Kitty Hawk)

Avi
    $600 28
(S: What is the UK?)
(Alex: Be more specific...)
(S: Scotland.)

Scotland

Sharon
    $800 21
The Jacobin Club

Richard
    $1,500 2
Fiddling While Rome Burns

Sharon
    $800 10
Lemurs

Sharon
    $800 7
"The Deerslayer"

Richard
    $800 14
Mobile

Richard
    $1,200 5
The Deaf

Richard
    $1000 17
The Crimean War

Sharon
    $1000 18
Cross My Palm With Silver

Triple Stumper
    $1000 22
Rodents

Sharon
    $1000 6
"Darkness At Noon"

Triple Stumper
    $1000 15
Stone Mountain

Richard
    $1000 16
Battery Acid (hence the call, "Watson, come here, I need you")

Richard

Scores at the end of the Double Jeopardy! Round:

Sharon Richard Avi
$11,600 $9,500 $4,500

Final Jeopardy! Round responses

SHAKESPEARE
(Alex: Sharon, you apparently misread the clue.)
...
(Alex: Now, we introduce the semifinalists, starting with the winners...)
(Andrew: Andrew McGeorge, Kansas.)
(Beth: Beth Mullins, Mississippi.)
(Scott: Scott Hoffman, New Jersey.)
(Jamie: Jamie Weiss, Virginia.)
(Alex: ...and the wildcards...)
(Peji: Peji Ghanouni, Georgia.)
(Wen: Wen Shen, California.)
(Mike: Mike Grant, Missouri.)
(Alex: ...and finally Avi...)
...
(Alex: The semifinals start on Monday. Have a nice weekend!)
AviWhat is Cleopatra?
$4,500
RichardWho is Cleopatra?
$2,101
SharonWho is The Taming of the Shrew?
$7,401
Cleopatra

Final scores:

Sharon Richard Avi
$4,199 $11,601 $9,000
3rd place: $1,000 if eliminated Automatic semifinalist 2nd place: $1,000 if eliminated

Game dynamics:

Coryat scores:

Sharon Richard Avi
$10,200 $9,100 $4,500
23 R
(including 2 DDs),
1 W
18 R
(including 1 DD),
1 W
15 R,
2 W

Combined Coryat: $23,800

The J! Archive is created by fans, for fans. The Jeopardy! game show and all elements thereof, including but not limited to copyright and trademark thereto, are the property of Jeopardy Productions, Inc. and are protected under law. This website is not affiliated with, sponsored by, or operated by Jeopardy Productions, Inc. Join the discussion at JBoard.tv.